| 000 | 00000nam 2200000za 4500 |
| 001 | 9.699262 |
| 003 | CaOODSP |
| 005 | 20210625000312 |
| 007 | cr ||||||||||| |
| 008 | 150407|2003||||xxc|||||o f|0| 0 eng d |
| 040 | |aCaOODSP|beng |
| 043 | |an-cn--- |
| 086 | 1 |aSE3-92/2003E-PDF |
| 245 | 10|aExplaining the turnout decline in Canadian federal elections |h[electronic resource] : |ba new survey of non-voters / |c[by] Jon H. Pammett and Lawrence LeDuc. |
| 260 | |aOttawa : |bElections Canada, |c2003. |
| 300 | |a79 p. : |bgraphs |
| 500 | |a"March 2003." |
| 590 | |a14-13-Supp|b2014-06-23 |
| 690 | 07|aCitizen participation|2gcpds |
| 690 | 07|aElections|2gcpds |
| 710 | 2 |aElections Canada. |
| 775 | 08|tPourquoi la participation décline aux élections fédérales canadiennes |w(CaOODSP)9.643340 |
| 856 | 40|ahttp://publications.gc.ca|qPDF|s289 KB|uhttps://publications.gc.ca/collections/collection_2014/elections/SE3-92-2003-eng.pdf |